000 00670nam a2200241Ia 4500
003 OSt
005 20220928111257.0
006 a|||||r|||| 00| 0
007 ta
008 220927b |||||||| |||| 00| 0 hin d
024 _a129584
037 _bGift, 08/03/2016,
_cTextual
040 _aSDCL
_cSDCL
_bhin
041 _2hin
_ahin
082 _aO152,1N41, Q0
100 _aNagdev Rajendra
_9400542
245 0 _aPatthar me band aadmi
260 _aNew Delhi
_bRajsurya Prakashan
_c2010
300 _a7-112p
_ccm.
650 _aGift
_9391569
942 _hO152,1N41, Q0
_cTEXL
_2CC
999 _c739484
_d739484